| 000 | 01524nam a2200361Ii 4500 | ||
|---|---|---|---|
| 001 | 53394859 | ||
| 003 | OCoLC | ||
| 005 | 20220628130615.0 | ||
| 008 | 031111s1999 sp a j 000 1 spa d | ||
| 020 | _a8426128785 | ||
| 020 | _a9788426128782 | ||
| 040 |
_aTXA _cTXA _dMVP |
||
| 041 | 1 |
_aspa _hger |
|
| 100 | 1 |
_aSchreiber-Wicke, Edith. _0http://id.loc.gov/authorities/names/n86117657. |
|
| 240 | 1 | 0 |
_aRabe, der anders war. _lSpanish. |
| 245 | 1 | 3 |
_aUn cuervo diferente / _cEdith Schreiber-Wicke, Carola Holland ; [traduccion de Christiane Scheurer]. |
| 250 | _a2. ed. | ||
| 264 | 1 |
_aBarcelona : _bJuventud, _c1999. |
|
| 300 |
_a1 v. (unpaged) : _bill. (some col.) ; _c26 cm. |
||
| 336 |
_atext _btxt _2rdacontent. |
||
| 337 |
_aunmediated _bn _2rdamedia. |
||
| 338 |
_avolume _bnc _2rdacarrier. |
||
| 490 | 1 | _aColeccion cuadrada. | |
| 500 | _aTranslation of: Der Rabe, der anders war. | ||
| 520 | _aUn cuervo multicolor esta rechazado por sus companeros, pero resulta que la situacion es algo diferente de lo que parece. | ||
| 520 | _aA multicolored crow is rejected by his companions, but all is not what it seems. | ||
| 650 | 0 |
_aCrows _0http://id.loc.gov/authorities/subjects/sh85034351 _vFiction. _0http://id.loc.gov/authorities/subjects/sh99001562. |
|
| 650 | 7 |
_aCuervos _xNovela. _2bidex. |
|
| 655 | 7 |
_aFiction. _2lcgft _0http://id.loc.gov/authorities/genreForms/gf2014026339. |
|
| 700 | 1 |
_aHolland, Carola. _0http://id.loc.gov/authorities/names/n97087322. |
|
| 830 | 0 | _aColeccion cuadrada. | |
| 942 |
_cBK _2ddc |
||
| 999 |
_c27184 _d27184 |
||